Caste, class and agrarian relations in Kerala / (Record no. 123535)

MARC details
000 -LEADER
fixed length control field 00845nam a22002417a 4500
005 - DATE AND TIME OF LATEST TRANSACTION
control field 20170124105926.0
010 ## - LIBRARY OF CONGRESS CONTROL NUMBER
LC control number A-934393
020 ## - INTERNATIONAL STANDARD BOOK NUMBER
Terms of availability 345.00
International Standard Book Number 8175100585
035 ## - SYSTEM CONTROL NUMBER
System control number A-934393
037 ## - SOURCE OF ACQUISITION
Source of stock number/acquisition Cen Lib/Ret
040 ## - CATALOGING SOURCE
Original cataloging agency DPL
Language of cataloging EN
082 ## - DEWEY DECIMAL CLASSIFICATION NUMBER
Classification number 308.5
100 ## - MAIN ENTRY--PERSONAL NAME
Personal name Vijayan, Abraham
9 (RLIN) 6717
245 ## - TITLE STATEMENT
Title Caste, class and agrarian relations in Kerala /
Statement of responsibility, etc by Abraham Vijayan
260 ## - PUBLICATION, DISTRIBUTION, ETC. (IMPRINT)
Place of publication, distribution, etc New Delhi
Name of publisher, distributor, etc Reliance Publishing House
Date of publication, distribution, etc 1997
270 ## - ADDRESS
Address 3026/7H, Ranjit Nagar
City New Delhi
Postal code 110008
300 ## - PHYSICAL DESCRIPTION
Extent vii,214p.
Dimensions 21cm(Hb)
650 ## - SUBJECT ADDED ENTRY--TOPICAL TERM
Topical term or geographic name as entry element Caste -- India -- Kerala
9 (RLIN) 6718
650 ## - SUBJECT ADDED ENTRY--TOPICAL TERM
Topical term or geographic name as entry element Social classes -- India -- Kerala
9 (RLIN) 6719
650 ## - SUBJECT ADDED ENTRY--TOPICAL TERM
Topical term or geographic name as entry element जाति - भारत - केरला
9 (RLIN) 6720
650 ## - SUBJECT ADDED ENTRY--TOPICAL TERM
Topical term or geographic name as entry element सामाजिक वर्गों - भारत - केरला
9 (RLIN) 6721
942 ## - ADDED ENTRY ELEMENTS (KOHA)
Source of classification or shelving scheme Dewey Decimal Classification
Koha item type English Books
Classification part 308.5
Call number suffix VIJ
Holdings
Withdrawn status Lost status Damaged status Not for loan Home library Current library Date acquired Source of acquisition Cost, normal purchase price Total Checkouts Full call number Barcode Date last seen Copy number Cost, replacement price Price effective from Koha item type
        Central Library Central Library 08/06/2015 Cen Lib/Ret 345.00   308.5 VIJ A-934393 08/06/2015 1 345.00 08/06/2015 English Books

© Delhi Public Library
Hit Counter
free hit counter